00589 2200229 4500001002100000005001700021008004100038035002400079082001000103090001700113100002000130245005200150250001100202260003100213300001800244500002600262650002200288850001500310980001300325985000600338999001500344YOGYA-0209000003346120090227024759.0 ind  0010-020900000033461 a371.3 a371.3bSur S aSURYOSUBROTO, B aSistem pengajaran dengan modalbB. Suryosubroto aCet. 1 aJakartabBina Aksarac1983 a64 hlmc21 cm aBibliografi : hlm. 64 aMetode pengajaran aYOPDYOG(B) a01-09-06 a1 a00P0005794